Vybor sredstv mechanizacii dľa sortirovki drevesiny na nižnich lesnych skladach.

Uložené v:
Podrobná bibliografia
Hlavný autor: Vojevoda, D. K.
Médium: Kniha
Jazyk:Slovak
Vydané: Moskva, 1955.
Fyzický popis: 81 s.
Tagy: Pridať tag
Žiadne tagy, Buďte prvý kto otaguje tento záznam!

MARC

LEADER 00000nam a22000004a 4500
001 000606607
005 20190117190550.0
008 190117s1955 xo e 000 0 slo d
040 |a SVKKK  |b slo  |c SVKKK  |e AACR2 
100 1 |a Vojevoda, D. K. 
245 1 0 |a Vybor sredstv mechanizacii dľa sortirovki drevesiny na nižnich lesnych skladach. 
260 |a Moskva,  |c 1955. 
300 |a 81 s. 
500 |a Záznam revízie 
910 |a svkkk 
998 |a BK 
090 |g SCKHL  |k Sklad Pribinova 2. posch.  |a III.23549  |j 107131  |i 2720608284  |4 Vyradená  |s Vyradená